000 005540000a22001810004500
003 MACL
005 20160611155426.0
008 160611b xxu||||| |||| 00| 0 eng d
040 _aMACL
_cMACL
041 _aHindi
082 _a294
100 _aवत्‍स्‍य, सन्‍तराम
_964459
245 _aमहाभारत
_cवत्‍स्‍य सन्‍तराम
260 _bज्ञान भारती
_c1979
_aदिल्‍ली
350 _a14
650 _aReligion
_964460
942 _cHIN
_k741.462
_2ddc
999 _c27190
_d27190